000 00802nam a2200277Ia 4500
003 OSt
005 20221006153736.0
006 a|||||r|||| 00| 0
007 ta
008 221006b |||||||| |||| 00| 0 chi d
020 _a9789578013438
_cYu 400.00
024 _a33,205
037 _bgift, Republic of China
_cTextual
040 _aEASL
_cEASL
_bchi
041 _2chi
_achi
082 _aY58.4295, P2
100 _aFAN Zhen qian
_9665219
245 0 _aCunzai cai you xi wang
260 _aTaibei
_bQian jie chu banshe Taiwan
_c2002
300 _a431p.
_ccm.
490 _v CL
650 _aCL
_9642733
700 _a HONG Xianglian Ed.
_9665220
942 _hY58.4295, P2
_cTEXL
_2CC
999 _c1101291
_d1101291